| 000 | 02323nkm0a2200457 4500 | ||
|---|---|---|---|
| 001 | RU\NLR\DIGIT\521819 | ||
| 005 | 20260202142408.0 | ||
| 010 |
_d1 р. _910000 экз. |
||
| 020 |
_b634 _a1 _9ЛЕНИНГРАД В ВЕЛИКОЙ ОТЕЧЕСТВЕННОЙ ВОЙНЕ: Печать Ленинграда, 1941 - 1945: каталог изданий, хранящихся в фондах Государственной Публичной библиотеки, вып.2. Листовки,плакаты,открытки,альбомы/Гос.публ.б-ка им.М.Е.Салтыкова-Щедрина. - Ленинград,1972 |
||
| 035 | _a(NLR Aleph) 010470933 | ||
| 090 |
_a76627 _c76627 |
||
| 100 | _a20140605j1941 m y0rusy50 ca | ||
| 101 | 0 | _arus | |
| 102 | _aRU | ||
| 116 | _adiycxx zz ad | ||
| 135 | _acrcn 024apaba | ||
| 200 | 1 |
_aСлавна богатырями земля наша _e[Плакат] |
|
| 210 |
_cИскусство _d[1941], июль |
||
| 215 |
_a1 л. _d90х58 см |
||
| 325 | _aКопия доступна в Электрон. б-ке РНБ http://vivaldi.nlr.ru/la000010112/view | ||
| 327 | _aТанкист с биноклем. На втором плане - тень русского богатыря | ||
| 517 | 1 | _aТанкист с биноклем | |
| 540 | 1 | _aТанкист с биноклем | |
| 540 | 1 | _aРусский богатырь | |
| 606 | 1 |
_aБлокада Ленинграда _z1941 - 1944 _jПлакаты _2nlr_sh1 _2nlr_sh2 _3RU\NLR\AUTH\661253360 |
|
| 610 | 0 | _aПлакаты | |
| 700 | 1 |
_aГоворков _bВ. И. _f1906-1974 _gВиктор Иванович _4040 |
|
| 801 | 2 |
_aRU _bNLR _c20110204 _2rusmarc |
|
| 852 |
_aNLR _bЛ3-310 п _j3/3-9 |
||
| 852 | 0 | 0 |
_aNLR _bЭ _jПлИр995/7-2 _mЭ021703 |
| 856 | 0 | _uhttp://vivaldi.nlr.ru/la000010112/view | |
| 856 | 1 | _uhttp://vivaldi.nlr.ru/la000010112/cover | |
| 856 | 2 | _uhttp://vivaldi.nlr.ru/la000010112/text | |
| 942 | _cVISUAL | ||
| 945 | _aРоссийская национальная библиотека | ||
| 980 | _aNB | ||
| 980 | _aBV | ||
| 981 | 3 | 7 | _a(37) Ленинград в Великой Отечественной войне |
| 981 | 1 | 7 |
_a(17) Изографические материалы _b(17) Плакаты |